000 01075cam a2200301 a 4500
001 16998920
003 OSt
005 20180116192421.0
008 111013s2012 enkab b 001 0 eng
010 _a 2011042087
020 _a9780415608367 (hb : alk. paper)
020 _a9780415608374 (pb : alk. paper)
040 _aDLC
_cDLC
_dDLC
050 0 0 _aSB472.45
_b.B46 2012
082 0 0 _a712.2
_223
100 1 _aBell, Simon,
_d1957 May 24-
_97456
245 1 0 _aLandscape :
_bpattern, perception and process /
_cSimon Bell.
250 _a2nd ed.
260 _aLondon ;
_aNew York :
_bRoutledge,
_c2012.
300 _aix, 348 p. :
_bill. (mostly col.), col. maps ;
_c26 cm.
504 _aIncludes bibliographical references (p. 334-339) and index.
650 0 _aEcological landscape design.
_97457
650 0 _aLandscape assessment.
_97458
650 0 _aRegional planning
_xEnvironmental aspects.
_97459
906 _a7
_bcbc
_corignew
_d1
_eecip
_f20
_gy-gencatlg
942 _2ddc
_cBK
999 _c353924
_d353924